| 000 | 00764nam a2200241 i 4500 | ||
|---|---|---|---|
| 001 | 8995 | ||
| 003 | ES-MaACL | ||
| 005 | 20230906145559.0 | ||
| 007 | t| | ||
| 008 | 930128s1992 sp a |||| | spa d | ||
| 020 | _a84-08-00090-X | ||
| 080 | _a9(467.11)"1939" | ||
| 100 | 1 |
_aAbella, Rafael, _d1917-2008 _918048 |
|
| 245 | 1 | 0 |
_aFinales de enero, 1939 _b: Barcelona cambia su piel / _cRafael Abella. |
| 250 | _a1ª ed. | ||
| 260 |
_aBarcelona : _bPlaneta, _c1992. |
||
| 300 |
_a209 p. : _bil. ; _c23 cm. |
||
| 490 | 1 |
_aEspejo de España. Serie la guerra civil ; _v154. |
|
| 651 | 4 |
_aBarcelona- _xHistoria- _y1936-1939. _9168148 |
|
| 830 | 0 |
_aEspejo de España. Serie la guerra civil ; _v154. _9226567 |
|
| 852 |
_aES-MaACL _jL-16501 |
||
| 999 |
_c8995 _d8995 |
||